000 01953cam a22005414i 4500
003 PE-LiUPU
005 20250731180050.0
008 140617s2007 sp ad g f 1 spa d
020 _a9788483223635
035 _a(Sirsi) i9788483223635
040 _aPE-LiUPU
_bspa
_cPE-LiUPU
_erda
049 _aPRUA
082 0 4 _a536.7
_bG71
100 1 _aGonzález de Posada, Francisco,
_eautor.
245 1 0 _aTeorías termológicas :
_baplicación a la arquitectura y a las ingenierías /
_cFrancisco González de Posada, Mercedes González Redondo y María Dolores Redondo Alvarado.
264 1 _aMadrid :
_bPerarson Educación,
_c2007.
300 _a310 páginas :
_bilustraciones ;
_c25 centímetros.
336 _atext
_2rdacontent
337 _aunmediated
_2rdamedia
338 _avolume
_2rdacarrier
505 0 _aTermología -- En torno a la temperatura -- El problema de la naturaleza de la temperatura -- El problema de la medición de la temperatura: termométrica -- Dilatación térmica de sólidos -- Dilatación térmica de líquidos -- Teoría de gases.
526 _aSEG44
526 _aSEG26
526 _aP159
526 _aP155
526 _aP154
526 _aP153
526 _aP150
526 _aP100
526 _aP31
526 _aP30
526 _aP26
526 _aP25
526 _aP24
526 _aP22
526 _aP15
526 _aP10
650 1 4 _aTermodinámica
_vProblemas, ejercicios, etc.
650 1 4 _aTermodinámica
_xTeorías.
650 1 4 _aTermodinámica.
700 1 _aGonzales Redondo, Mercedes,
_eautor.
700 1 _aRedondo Alvarado, María Dolores,
_eautor.
910 _agl
942 _2ddc
_cBOOK
949 _a536.7 G71
_wDEWEY
_c1
_i69739
_lCCODEBUL1
_mBUL
_p53.00
_r0
_sY
_tBOOK
_u2015-7-6
_xINGENIERIA
_0COMPRA
_o.STAFF. Colección General
999 _c6112
_d6112
980 _81
_gALBERTO SANCHEZ Responsable de Automatización